书目信息 |
| 题名: |
春雨润心田
|
|
| 作者: | 任明 , 刘宝玺 主编 | |
| 分册: | ||
| 出版信息: | 长春 东北师范大学出版社 2020.2 |
|
| 页数: | 142页 | |
| 开本: | 26cm | |
| 丛书名: | ||
| 单 册: | ||
| 中图分类: | G623.232 | |
| 科图分类: | ||
| 主题词: | 阅读课--教学研究--小学 | |
| 电子资源: | ||
| ISBN: | 978-7-5681-6747-5 | |
| 000 | 00885nam0 2200277 45 | |
| 001 | 012001001905 | |
| 005 | 20140821145436.0 | |
| 010 | @a978-7-5681-6747-5@dCNY36.00 | |
| 100 | @a20200707d2020 em y0chiy0110 ea | |
| 101 | 0 | @achi |
| 102 | @aCN@b220000 | |
| 105 | @ay z 000yy | |
| 106 | @ar | |
| 200 | 1 | @a春雨润心田@Achun yu run xin tian@e小学生大语文阅读教学法@f任明, 刘宝玺主编 |
| 210 | @a长春@c东北师范大学出版社@d2020.2 | |
| 215 | @a142页@d26cm | |
| 300 | @a高等职业学院校企合作创新教材 | |
| 300 | @a其他题名:小学生大语文阅读教学法 | |
| 330 | @a本书共分为6章,内容包括:让记叙穿越生活、世界越说越明、风景中的茂盛等。 | |
| 517 | 1 | @a小学生大语文阅读教学法 |
| 606 | 0 | @a阅读课@x教学研究@x小学 |
| 690 | @aG623.232@v5 | |
| 701 | 0 | @a任明@Aren ming@4主编 |
| 701 | 0 | @a刘宝玺@Aliu bao xi@4主编 |
| 801 | @aCN@bAHXH@c20210922 | |
| 905 | @b1252962-6@dG623.232@e1651@f5 | |
| 春雨润心田:小学生大语文阅读教学法/任明, 刘宝玺主编.-长春:东北师范大学出版社,2020.2 |
| 142页;26cm |
| 高等职业学院校企合作创新教材.-其他题名:小学生大语文阅读教学法 |
| ISBN 978-7-5681-6747-5:CNY36.00 |
| 本书共分为6章,内容包括:让记叙穿越生活、世界越说越明、风景中的茂盛等。 |
| ● |
| 相关链接 |
|
|
|
|
正题名:春雨润心田
索取号:G623.232/1651
 
预约/预借
| 序号 | 登录号 | 条形码 | 馆藏地/架位号 | 状态 | 备注 |
| 1 | 1252962 | 212529628 | 第一样本阅览室/ [索取号:G623.232/1651] | 在馆 | |
| 2 | 1252963 | 212529637 | 教育系资料室/ [索取号:G623.232/1651] | 在馆 | |
| 3 | 1252964 | 212529646 | 教育系资料室/ [索取号:G623.232/1651] | 在馆 | |
| 4 | 1252965 | 212529655 | 第四借阅区/ [索取号:G623.232/1651] | 在馆 | |
| 5 | 1252966 | 212529664 | 第四借阅区/ [索取号:G623.232/1651] | 在馆 |